| 000 | 00396nam a22001577a 4500 | ||
|---|---|---|---|
| 999 |
_c478504 _d478504 |
||
| 003 | NUST | ||
| 005 | 20180601061805.0 | ||
| 008 | 180601b ||||| |||| 00| 0 eng d | ||
| 038 | _a0 | ||
| 082 | _a150 COO | ||
| 100 | _4Dennis Coon | ||
| 245 | _aGateways to psychology visual guides and technology tools | ||
| 260 |
_aAustralia _bThomson _c2004 |
||
| 300 | _avarious paging | ||
| 942 |
_2ddc _cCS |
||